Social psychology / (Record no. 94306)

MARC details
000 -LEADER
fixed length control field 00631nam a22002057a 4500
005 - DATE AND TIME OF LATEST TRANSACTION
control field 20221216150708.0
010 ## - LCCN (DPL NO)
LC control number ENG-113293 ENG-135896
020 ## - INTERNATIONAL STANDARD BOOK NUMBER
Terms of availability 525.00
International Standard Book Number 9788120350571
035 ## - SYSTEM CONTROL NUMBER
System control number EN-96825
035 ## - SYSTEM CONTROL NUMBER
System control number EN-119428
037 ## - SOURCE OF ACQUISITION
Source of stock number/acquisition DBAD/PUB
082 ## - DEWEY DECIMAL CLASSIFICATION NUMBER
Classification number 302
100 ## - MAIN ENTRY--PERSONAL NAME
Personal name Arun Kumar Singh
245 ## - TITLE STATEMENT
Title Social psychology /
Statement of responsibility, etc by Arun Kumar Singh
260 ## - PUBLICATION, DISTRIBUTION, ETC. (IMPRINT)
Place of publication, distribution, etc Delhi
Name of publisher, distributor, etc PHI Learning
Date of publication, distribution, etc 2015
270 ## - ADDRESS
Address Rimjhim House, 111, Patparganj Industrial Estate,
City Delhi
Postal code 110092
300 ## - PHYSICAL DESCRIPTION
Extent xiv,709p.
Dimensions 25cm(pbk)
500 ## - GENERAL NOTE
General note Includes bibliographical references and index
942 ## - ADDED ENTRY ELEMENTS (KOHA)
Source of classification or shelving scheme Dewey Decimal Classification
Item type English Books
Call number suffix ARU
Classification part 302
Holdings
Withdrawn status Lost status Not for loan Collection code Home library Current library Date acquired Source of acquisition Cost, normal purchase price Full call number Barcode Copy number Cost, replacement price Koha item type
    Not For Loan Non-fiction D.B.Act.Division D.B.Act.Division 16/06/2015 DBAD/PUB 525.00 302 ARU EN-96825 1 525.00 English Books
      Non-fiction Diz Area Diz Area 16/12/2022 DBAD/PUB 525.00 302 ARU EN-119428 1 525.00 English Books

© Delhi Public Library
Hit Counter
free hit counter